| 000 | 01066nam a2200229Ia 4500 | ||
|---|---|---|---|
| 999 |
_c36168 _d36168 |
||
| 001 | 2070 | ||
| 003 | GE_BSU | ||
| 005 | 20190514145223.0 | ||
| 008 | 181216s2002||||ge |||||||||||||| ||geo|| | ||
| 040 | _cGE_BSU | ||
| 041 | _ageo | ||
| 080 | _a512.5/8(075.8) ქ–16 | ||
| 100 |
_aქათამაძე, რ. _91104 |
||
| 245 |
_aუმაღლესი ალგებრის ამოცანათა კრებული : _bსახელმძღვანელო უნ–ტის მათემატიკის სპეციალობის სტუდენტებისათვის / _cრ. ქათამაძე; რედ ი. დიდმანიძე. |
||
| 264 |
_aბათუმი : _bსაბჭოთა აჭარა, _c2002. |
||
| 300 |
_a322 გვ. _b19 სმ. |
||
| 653 | _aმათემატიკა | ||
| 653 | _aალგებრა | ||
| 653 | _aუმაღლესი ალგებრა | ||
| 700 |
_aდიდმანიძე, ი. _eრედაქტორი _9511 |
||
| 942 |
_cBK _2udc |
||